| 000 | 00609nam a22001937a 4500 | ||
|---|---|---|---|
| 003 | OSt | ||
| 005 | 20221214113538.0 | ||
| 008 | 220915b |||||||| |||| 00| 0 eng d | ||
| 020 | _a84 482 2678 X | ||
| 040 | _cBiblioteca Lado V | ||
| 082 |
_a750 _bR763s |
||
| 100 |
_9496 _aRomero, Yolanda _ecuradora |
||
| 245 |
_aSoledad Sevilla/ _bL'espai i el recinte | El espacio y el recinto/ |
||
| 260 |
_aItalia _bIVAM Centre del Carme _c2001 |
||
| 300 |
_a168p. _c27x29cm |
||
| 700 |
_aPietrantonio, Giancinto Di _etextos |
||
| 700 |
_aGarcia, Aurora _etextos |
||
| 942 |
_2ddc _c1 _h750 _iR763s _n0 |
||
| 999 |
_c2733 _d2733 |
||